Los mejores clubes de fútbol europeos - Estadísticas

Estadísticas generales
  • Esta prueba ha sido intentada 434 veces
  • La puntuación promedio es 14 de 20
Estadísticas de respuestas
# Equipo Agujas % Correcto
2. Real Madrid 119,000
99%
18. Barcelona 67,000
98%
1. Manchester City 123,000
96%
17. Atletico Madrid 67,000
93%
3. Bayern Munich 108,000
93%
10. Inter Milan 76,000
91%
4. Liverpool 96,000
88%
14. Manchester United 70,000
88%
6. Paris Saint-Germain 85,000
88%
9. Chelsea 79,000
87%
19. Arsenal 62,000
79%
8. Borussia Dortmund 79,000
74%
15. Benfica 69,000
58%
5. Roma 90,000
58%
12. Porto 70,000
57%
11. Bayer Leverkusen 72,000
55%
20. Atalanta 61,000
31%
13. Leipzig 70,000
28%
7. Villarreal 82,000
26%
16. West Ham United 69,000
13%
No se encontraron pruebas coincidentes
Distribución de puntuación
Porcentaje de gente con cada puntuación
Porcentaje por número respondido
Historial de tus puntuaciones
No has intentado esta prueba.